Código do trabalho (Registo nº 4548)
[ vista simples ]
| 000 -Etiqueta do registo | |
|---|---|
| Valores | 00846nam a2200277 4500 |
| 010 ## - Número ISBN | |
| ISBN | 9789720002990 |
| 021 ## - Número do Depósito Legal | |
| Número | 472641/20 |
| 100 ## - Dados gerais de processamento | |
| Dados gerais | 20240408d2019 k y0pory50030103ba |
| 200 1# - Titulo e menção de responsabilidade | |
| Título próprio | Código do trabalho |
| Primeira menção de responsabilidade | coord. Isabel Rocha, Nuno Gustavo Pimenta |
| 205 ## - Menção da edição | |
| Edição | 17ª ed. |
| 210 #9 - Publicação | |
| Local de publicação | Porto |
| Nome do editor | Porto Editora |
| Data de publicação | 2020 |
| 215 ## - Descrição física | |
| Paginação / Volumes | 637 p. |
| 225 2# - Colecção | |
| Título próprio da colecção | Legislação |
| 305 ## - Nota relativa à edição da publicação | |
| Texto da nota | Inclui código de Processo do Trabalho, regulamentação do código do trabalho e legislação conexa |
| 500 11 - Título uniforme | |
| Título uniforme | Leis, decretos, etc. |
| 606 ## - Nome comum usado como assunto | |
| ID Autoridade | 4426 |
| Palavra de ordem | Direito |
| 606 ## - Nome comum usado como assunto | |
| ID Autoridade | 4427 |
| Palavra de ordem | Legislação |
| 675 ## - CDU | |
| Notação | 349.2(469)(094.4) |
| Edição | BN |
| Língua | por |
| 675 ## - CDU | |
| Notação | 331(469)(094.4) |
| Edição | BN |
| Língua | por |
| 702 ## - Autor secundário (pessoa individual) | |
| Apelido | Rocha |
| Nome | Isabel |
| ID Autoridade | 4428 |
| 702 ## - Autor secundário (pessoa individual) | |
| Apelido | Pimenta |
| Nome | Gustavo |
| ID Autoridade | 4429 |
| 801 #0 - Fonte de origem | |
| País | PT |
| Agência | BMVN |
| Regras de catalogação | RPC |
| 830 ## - Notas gerais do catalogador | |
| Criado por | Tânia Croca |
| Data de criação | 08/04/2024 |
| 990 ## - Elementos KOHA | |
| Tipo de documento | Livro |
| Situação do levantamento | Biblioteca de origem | Código de barras | Cota | Permissão de empréstimo | Tipo de documento | Forma de aquisição |
|---|---|---|---|---|---|---|
| Biblioteca Municipal de Vendas Novas | 100000003407 | DL COD | Livro |